<?xml version="1.0" encoding="UTF-8"?>
<record
    xmlns:xsi="http://www.w3.org/2001/XMLSchema-instance"
    xsi:schemaLocation="http://www.loc.gov/MARC21/slim http://www.loc.gov/standards/marcxml/schema/MARC21slim.xsd"
    xmlns="http://www.loc.gov/MARC21/slim">

  <leader>04703cam a22004218i 4500</leader>
  <controlfield tag="001">22407641</controlfield>
  <controlfield tag="003">CSPC</controlfield>
  <controlfield tag="005">20251006155046.0</controlfield>
  <controlfield tag="008">220202s2022    nyu           000 0 eng  </controlfield>
  <datafield tag="010" ind1=" " ind2=" ">
    <subfield code="a">  2022000872</subfield>
  </datafield>
  <datafield tag="020" ind1=" " ind2=" ">
    <subfield code="a">9781032246635</subfield>
    <subfield code="q">(paperback)</subfield>
  </datafield>
  <datafield tag="035" ind1=" " ind2=" ">
    <subfield code="a">22407641</subfield>
  </datafield>
  <datafield tag="040" ind1=" " ind2=" ">
    <subfield code="a">DLC</subfield>
    <subfield code="b">eng</subfield>
    <subfield code="e">rda</subfield>
    <subfield code="c">DLC</subfield>
    <subfield code="d">CSPC</subfield>
  </datafield>
  <datafield tag="042" ind1=" " ind2=" ">
    <subfield code="a">pcc</subfield>
  </datafield>
  <datafield tag="050" ind1="0" ind2="0">
    <subfield code="a">LB1027.23</subfield>
    <subfield code="b">.M46 2022</subfield>
  </datafield>
  <datafield tag="082" ind1="0" ind2="0">
    <subfield code="a">371.394</subfield>
    <subfield code="b">M561h</subfield>
    <subfield code="2">23/eng/20220209</subfield>
  </datafield>
  <datafield tag="100" ind1="1" ind2=" ">
    <subfield code="a">Mesibov, Don,</subfield>
    <subfield code="e">author.</subfield>
  </datafield>
  <datafield tag="245" ind1="1" ind2="0">
    <subfield code="a">Helping students take control of their own learning :</subfield>
    <subfield code="b">279 learner-centered social-emotional strategies for teachers /</subfield>
    <subfield code="c">Don Mesibov and Dan Drmacich.</subfield>
  </datafield>
  <datafield tag="263" ind1=" " ind2=" ">
    <subfield code="a">2205</subfield>
  </datafield>
  <datafield tag="264" ind1=" " ind2="1">
    <subfield code="a">New York, NY ;</subfield>
    <subfield code="a">Abingdon, Oxon :</subfield>
    <subfield code="b">Routledge,</subfield>
    <subfield code="c">2022.</subfield>
  </datafield>
  <datafield tag="300" ind1=" " ind2=" ">
    <subfield code="a">xxii, 249 pages :</subfield>
    <subfield code="b">illustrations ;</subfield>
    <subfield code="c">25 cm.</subfield>
  </datafield>
  <datafield tag="336" ind1=" " ind2=" ">
    <subfield code="a">text</subfield>
    <subfield code="b">txt</subfield>
    <subfield code="2">rdacontent</subfield>
  </datafield>
  <datafield tag="337" ind1=" " ind2=" ">
    <subfield code="a">unmediated</subfield>
    <subfield code="b">n</subfield>
    <subfield code="2">rdamedia</subfield>
  </datafield>
  <datafield tag="338" ind1=" " ind2=" ">
    <subfield code="a">volume</subfield>
    <subfield code="b">nc</subfield>
    <subfield code="2">rdacarrier</subfield>
  </datafield>
  <datafield tag="490" ind1="0" ind2=" ">
    <subfield code="a">Routledge eye on education</subfield>
  </datafield>
  <datafield tag="504" ind1=" " ind2=" ">
    <subfield code="a">Includes bibliographical references.</subfield>
  </datafield>
  <datafield tag="505" ind1="0" ind2=" ">
    <subfield code="a">Section One. Why do schools need to change? -- Learner-centered education (LCE) and social-emotional learning (SEL): you can't have one without the other -- The iron is hot -- Research supports the need for change -- Best practices are for all students -- Many students are bored and unmotivated -- Section Two. How do the teachers' and students' roles change? -- It all starts with the teacher -- Prioritize what impacts student learning -- Student needs. interests, and learning styles should be at the center of a lesson -- Motivation is derived from what students find interesting relevant, or just plain fun -- Teachers are classroom coaches -- Critical thinking is the main focus for student learning -- Advisories, journaling, and conferencing are essential -- Music and art facilitate learning in all disciplines -- Students need a vision -- Introverted (or quiet) children require special strategies -- Educators can make use of lectures and be effective -- Section Three. Is there room for the affective domain? -- Content and social-emotional learning are compatible -- Let all students know they are liked as individuals: the classroom culture sends a message to students -- Teaching good citizenship prepares students for life and raises student achievement -- More activities to start the year or to use any time -- Section Four. Do students find school relevant? -- Classroom tasks must be meaningful and authentic -- 9/11 and COVID-19: opportunities for student learning -- Section Five. How do we test what students should be learning? -- Assessment practices drive instruction -- Standardized tests directly impact what teachers teach, what students learn, and how students learn -- Section Six. What should all teachers understand? -- How to interact with disruptive students -- Schools must be trauma-sensitive -- Social justice is a critical element of good citizenship -- Addressing controversial issues with civil discourse through effective use of student-centered practices -- Lessons form COVID-19: online instruction and utilizing technology can support, not replace, good teaching -- Change how student progress is reported -- Section Seven. Is meaningful school reform possible? -- Agents of change, please step forward -- There can be major school reform at minimal cost.</subfield>
  </datafield>
  <datafield tag="520" ind1=" " ind2=" ">
    <subfield code="a">"What does learner-centered education look like, and how can we best put it into practice? This helpful book by experienced educators Don Mesibov and Dan Drmacich answers those questions and provides a wide variety of strategies, activities, and examples to help you with implementation. Chapters address topics such as positioning students at the center of the lesson and teachers as coaches; making tasks relevant and engaging; incorporating the affective domain and social emotional learning; assessing learning, and more. Appropriate for new and experienced teachers of all grades and subjects, this book will leave you feeling ready to help students take control of their own learning, so they can reach higher levels of success"--</subfield>
    <subfield code="c">Provided by publisher.</subfield>
  </datafield>
  <datafield tag="650" ind1=" " ind2="0">
    <subfield code="a">Student-centered learning.</subfield>
  </datafield>
  <datafield tag="650" ind1=" " ind2="0">
    <subfield code="a">Affective education.</subfield>
  </datafield>
  <datafield tag="650" ind1=" " ind2="0">
    <subfield code="a">Activity programs in education.</subfield>
  </datafield>
  <datafield tag="700" ind1="1" ind2=" ">
    <subfield code="a">Drmacich, Dan,</subfield>
    <subfield code="e">author.</subfield>
  </datafield>
  <datafield tag="776" ind1="0" ind2="8">
    <subfield code="i">Online version:</subfield>
    <subfield code="a">Mesibov, Don.</subfield>
    <subfield code="t">Helping students take control of their own learning</subfield>
    <subfield code="d">New York, NY : Routledge, 2022</subfield>
    <subfield code="z">9781003284697</subfield>
    <subfield code="w">(DLC) 2022000873</subfield>
  </datafield>
  <datafield tag="906" ind1=" " ind2=" ">
    <subfield code="a">7</subfield>
    <subfield code="b">cbc</subfield>
    <subfield code="c">orignew</subfield>
    <subfield code="d">1</subfield>
    <subfield code="e">ecip</subfield>
    <subfield code="f">20</subfield>
    <subfield code="g">y-gencatlg</subfield>
  </datafield>
  <datafield tag="942" ind1=" " ind2=" ">
    <subfield code="2">ddc</subfield>
    <subfield code="c">BK</subfield>
    <subfield code="e">23</subfield>
    <subfield code="h">371.394</subfield>
    <subfield code="i">M561h</subfield>
    <subfield code="k">CIR</subfield>
    <subfield code="m">2022</subfield>
    <subfield code="n">0</subfield>
  </datafield>
  <datafield tag="952" ind1=" " ind2=" ">
    <subfield code="0">0</subfield>
    <subfield code="1">0</subfield>
    <subfield code="2">ddc</subfield>
    <subfield code="4">0</subfield>
    <subfield code="7">0</subfield>
    <subfield code="a">CSPC</subfield>
    <subfield code="b">CSPC</subfield>
    <subfield code="c">CIR</subfield>
    <subfield code="d">2025-10-06</subfield>
    <subfield code="l">0</subfield>
    <subfield code="o">CIR 371.394 M561h 2022</subfield>
    <subfield code="p">030378</subfield>
    <subfield code="r">2025-10-06 15:51:25</subfield>
    <subfield code="t">1-1</subfield>
    <subfield code="w">2025-10-06</subfield>
    <subfield code="y">BK</subfield>
  </datafield>
  <datafield tag="999" ind1=" " ind2=" ">
    <subfield code="c">30602</subfield>
    <subfield code="d">30602</subfield>
  </datafield>
</record>
